[Event "Hastings Masters 2019/20"]
[Site "Hastings"]
[Date "2020.01.01"]
[Round "5.35"]
[White "Thompson, Ian D"]
[Black "Merriman, James"]
[Result "1/2-1/2"]
[WhiteElo "2141"]
[BlackElo "1895"]
[PlyCount "81"]
[EventDate "2019.12.28"]
[EventType "swiss"]
[EventRounds "9"]
[EventCountry "ENG"]

1. c4 b6 2. Nc3 Bb7 3. e4 e6 4. Nf3 Nf6 5. Bd3 d5 6. cxd5 exd5 7. e5 Nfd7 8.
Bc2 d4 9. Be4 Bxe4 10. Nxe4 c5 11. d3 Nc6 12. Bf4 Be7 13. O-O O-O 14. Re1 Re8
15. Qb3 Na5 16. Qa4 Nf8 17. Bd2 Nb7 18. b4 Ne6 19. a3 Qd5 20. Re2 c4 21. dxc4
Qxc4 22. Ree1 Nbc5 23. Nxc5 Nxc5 24. Qd1 Ne6 25. Qb1 d3 26. Qb2 Red8 27. Be3
Rd7 28. Rac1 Qg4 29. h3 Qg6 30. Rc4 Rad8 31. Qd2 b5 32. Rc6 Qe4 33. Ra6 Qa8 34.
Rc1 Rc8 35. Rxc8+ Qxc8 36. Rxa7 Rxa7 37. Bxa7 Qa6 38. Bb8 Qb6 39. Bd6 Bxd6 40.
exd6 Qxd6 41. Qc3 1/2-1/2

[Event "Hastings Masters 2019/20"]
[Site "Hastings"]
[Date "2020.01.01"]
[Round "5.36"]
[White "Ruane, Brendan J"]
[Black "Price, Gwilym"]
[Result "0-1"]
[WhiteElo "1882"]
[BlackElo "2110"]
[PlyCount "66"]
[EventDate "2019.12.28"]
[EventType "swiss"]
[EventRounds "9"]
[EventCountry "ENG"]

1. b3 d6 2. g3 e5 3. Bg2 g6 4. e3 Bg7 5. Bb2 Nf6 6. Ne2 Nc6 7. d3 Be6 8. Nd2
Qd7 9. h3 O-O 10. a3 a5 11. Kf1 h5 12. Nf3 Nh7 13. Kg1 Ne7 14. Qc1 Bh6 15. c4
c6 16. g4 hxg4 17. hxg4 Kg7 18. Rh4 f6 19. Kh1 Bxg4 20. Qg1 Ng5 21. Ned4 exd4
22. Nxd4 c5 23. f3 Bh5 24. Rxh5 gxh5 25. Ne2 Kh7 26. Qh2 Qe6 27. f4 Nf7 28. Ng3
f5 29. Nxh5 Nh8 30. Rg1 Rf7 31. Bxb7 Rg8 32. Rg5 Qxe3 33. Qg2 Qe1+ 0-1

[Event "Hastings Masters 2019/20"]
[Site "Hastings"]
[Date "2020.01.01"]
[Round "5.38"]
[White "Rice, Chris B"]
[Black "Thatte, Nishchal"]
[Result "0-1"]
[WhiteElo "2027"]
[BlackElo "1723"]
[PlyCount "74"]
[EventDate "2019.12.28"]
[EventType "swiss"]
[EventRounds "9"]
[EventCountry "ENG"]

1. c4 e5 2. g3 Nf6 3. Bg2 d5 4. cxd5 Nxd5 5. Nf3 Nc6 6. Nc3 Nb6 7. O-O Be7 8.
d3 O-O 9. a3 a5 10. Be3 Be6 11. Rc1 a4 12. Nd2 f5 13. Bxb6 cxb6 14. Nxa4 Bg5
15. Nc3 e4 16. f4 exf3 17. Bxf3 Qd7 18. Rb1 Be3+ 19. Kh1 Ne5 20. Nc4 Bd4 21.
Nxe5 Bxe5 22. Qd2 Rf6 23. e3 Rh6 24. Kg1 g5 25. d4 Bg7 26. Qg2 f4 27. Bxb7 Rd8
28. Bc6 Qe7 29. Qe4 Qf7 30. Rbd1 Qh5 31. Rf2 fxg3 32. hxg3 Bf7 33. Bd5 Bxd5 34.
Nxd5 Qxd1+ 35. Rf1 Qe2 36. Ne7+ Kh8 37. Rf2 Qe1+ 0-1

[Event "Hastings Masters 2019/20"]
[Site "Hastings"]
[Date "2020.01.01"]
[Round "5.39"]
[White "De Coverly, Roger D"]
[Black "Mineev, Sergey I"]
[Result "1-0"]
[WhiteElo "1986"]
[BlackElo "1588"]
[PlyCount "94"]
[EventDate "2019.12.28"]
[EventType "swiss"]
[EventRounds "9"]
[EventCountry "ENG"]

1. Nf3 Nf6 2. g3 g6 3. Bg2 Bg7 4. O-O O-O 5. d4 d6 6. c4 Nc6 7. Nc3 a6 8. d5
Na5 9. Nd2 c5 10. Qc2 Rb8 11. b3 b5 12. Bb2 Qb6 13. Rab1 Ng4 14. h3 Ne5 15. f4
bxc4 16. Na4 Qa7 17. bxc4 Rxb2 18. Nxb2 Nd7 19. Kh2 Nf6 20. e4 Nb7 21. Nd3 Nd8
22. e5 Nd7 23. Rfe1 Qc7 24. Nf3 Kh8 25. Re2 Kg8 26. Rbe1 Qb8 27. Ng5 f6 28.
exd6 exd6 29. Ne6 Nxe6 30. dxe6 Nb6 31. e7 Re8 32. Bc6 Bd7 33. Bxd7 Nxd7 34.
Qa4 Qc8 35. Re6 Kf7 36. Rxd6 Rxe7 37. Rxe7+ Kxe7 38. Qxa6 Qb8 39. Re6+ Kd8 40.
Qc6 Qa7 41. a4 Qa5 42. Nf2 Bf8 43. Qa6 Qxa6 44. Rxa6 Kc7 45. a5 Be7 46. Re6 Bd6
47. Ne4 Bf8 1-0

[Event "Hastings Masters 2019/20"]
[Site "Hastings"]
[Date "2020.01.01"]
[Round "5.40"]
[White "Burrows, Nick"]
[Black "Thatte, Nandinee"]
[Result "1-0"]
[WhiteElo "1952"]
[BlackElo "1270"]
[PlyCount "105"]
[EventDate "2019.12.28"]
[EventType "swiss"]
[EventRounds "9"]
[EventCountry "ENG"]

1. d4 Nf6 2. c4 g6 3. Nc3 Bg7 4. e4 d6 5. f4 O-O 6. Nf3 Nfd7 7. Bd3 c6 8. O-O
e5 9. fxe5 dxe5 10. d5 Re8 11. Be3 Nf6 12. Kh1 Nbd7 13. Qe1 Nh5 14. Qf2 Ndf6
15. Bxa7 Ng4 16. Qg1 Nf4 17. Bb6 Qe7 18. Bc5 Qd8 19. Bc2 Bd7 20. Rae1 Ra6 21.
dxc6 Rxc6 22. Nd5 Ne6 23. Bb6 Qc8 24. b3 Nf8 25. Bb1 Nh6 26. Be3 Ng4 27. Bc1
Ra6 28. Bb2 b5 29. c5 Bc6 30. b4 Qb7 31. h3 Nh6 32. Nc3 Rd8 33. Qe3 Ne6 34. Ne2
Qc7 35. Rd1 Raa8 36. a3 Kh8 37. Ng5 Nxg5 38. Qxg5 Ng8 39. Nc3 Qb7 40. Rxd8 f6
41. Qd2 Rxd8 42. Qxd8 f5 43. Nd5 Bxd5 44. Qxd5 Qe7 45. exf5 gxf5 46. Rxf5 Nh6
47. Qa8+ Bf8 48. Rxf8+ Kg7 49. Re8 Qh4 50. Bxe5+ Kf7 51. Rf8+ Ke6 52. Ba2+ Ke7
53. Qe8# 1-0

[Event "Hastings Masters 2019/20"]
[Site "Hastings"]
[Date "2020.01.01"]
[Round "5.41"]
[White "Metcalfe, Charlie P"]
[Black "Thorpe, Thomas"]
[Result "0-1"]
[WhiteElo "1867"]
[BlackElo "1924"]
[PlyCount "54"]
[EventDate "2019.12.28"]
[EventType "swiss"]
[EventRounds "9"]
[EventCountry "ENG"]

1. d4 g6 2. c4 Bg7 3. Nc3 c5 4. d5 Bxc3+ 5. bxc3 f5 6. Nf3 Qa5 7. Qc2 Nf6 8. e3
d6 9. Bd3 Nbd7 10. O-O Nb6 11. Re1 Bd7 12. e4 fxe4 13. Bxe4 Nxe4 14. Qxe4 O-O-O
15. Bf4 Rde8 16. Bd2 Qa4 17. Qh4 Qxc4 18. Qxc4 Nxc4 19. Bg5 e6 20. dxe6 Rxe6
21. Rxe6 Bxe6 22. Nd2 Kd7 23. Nxc4 Bxc4 24. Re1 Bxa2 25. Ra1 Bc4 26. Rxa7 Ba6
27. c4 Kc6 0-1

[Event "Hastings Masters 2019/20"]
[Site "Hastings"]
[Date "2020.01.01"]
[Round "5.42"]
[White "Miller, George"]
[Black "Rayner, Francis"]
[Result "0-1"]
[WhiteElo "1845"]
[BlackElo "2019"]
[PlyCount "86"]
[EventDate "2019.12.28"]
[EventType "swiss"]
[EventRounds "9"]
[EventCountry "ENG"]

1. e4 c5 2. Nf3 e6 3. d3 Nc6 4. g3 d5 5. Nbd2 Nf6 6. Bg2 Be7 7. O-O Qc7 8. Re1
b6 9. a3 Bb7 10. e5 Nd7 11. Qe2 g5 12. g4 h5 13. h3 hxg4 14. hxg4 O-O-O 15. Nf1
Rdg8 16. Ng3 Nf8 17. b4 cxb4 18. axb4 Bxb4 19. Bd2 Bxd2 20. Qxd2 Ng6 21. d4 Nf4
22. Bf1 Kb8 23. Re3 Na5 24. Rxa5 bxa5 25. Rc3 Qe7 26. Rb3 Ka8 27. Qxa5 Nh3+ 28.
Kg2 Rc8 29. Ra3 Bc6 30. Nd2 Nf4+ 31. Kg1 Qc7 32. Nb3 Qxa5 33. Rxa5 Rb8 34. Ba6
Rb6 35. Nf1 Rhb8 36. Nfd2 Nh3+ 37. Kg2 Nf4+ 38. Kg1 Bb5 39. Bxb5 Rxb5 40. Rxb5
Rxb5 41. Nf3 a5 42. Nxg5 a4 43. Nxf7 Rxb3 0-1

[Event "Hastings Masters 2019/20"]
[Site "Hastings"]
[Date "2020.01.01"]
[Round "5.43"]
[White "Verma, Shlok"]
[Black "Boino, Claudio"]
[Result "0-1"]
[WhiteElo "1691"]
[BlackElo "2146"]
[PlyCount "78"]
[EventDate "2019.12.28"]
[EventType "swiss"]
[EventRounds "9"]
[EventCountry "ENG"]

1. d4 f5 2. c4 Nf6 3. Nf3 g6 4. Nc3 Bg7 5. e3 d6 6. Be2 O-O 7. b3 c6 8. Bb2 Na6
9. a3 Nc7 10. Qc2 Qe8 11. O-O Kh8 12. Rfe1 a6 13. a4 a5 14. Rad1 Na6 15. Na2
Be6 16. Ng5 Bg8 17. Bd3 e5 18. e4 f4 19. Nf3 Nd7 20. Bf1 Qe7 21. Qd2 Nc7 22.
Bc3 exd4 23. Bxd4 Ne5 24. Nxe5 dxe5 25. Bb6 Ne6 26. Bxa5 Qa3 27. Bb4 Qxb3 28.
Bxf8 Bxf8 29. Ra1 Nd4 30. Nc1 Qc2 31. Ra2 Qxd2 32. Rxd2 Bb4 33. Red1 Bxd2 34.
Rxd2 Rxa4 35. Ra2 Rb4 36. Nd3 Rxc4 37. Nxe5 Rc1 38. Nd3 Rxf1+ 39. Kxf1 Bxa2 0-1

[Event "Hastings Masters 2019/20"]
[Site "Hastings"]
[Date "2020.01.01"]
[Round "5.44"]
[White "Flynn, David"]
[Black "Hutchinson, Paul A"]
[Result "0-1"]
[WhiteElo "1853"]
[BlackElo "2112"]
[PlyCount "50"]
[EventDate "2019.12.28"]
[EventType "swiss"]
[EventRounds "9"]
[EventCountry "ENG"]

1. e4 d5 2. exd5 Qxd5 3. Nc3 Qd6 4. d4 a6 5. Nf3 Nf6 6. Ne5 Nc6 7. Nxc6 Qxc6 8.
d5 Qb6 9. Be2 Bf5 10. Bf3 O-O-O 11. Qe2 e6 12. dxe6 Qxe6 13. Qxe6+ fxe6 14. Bd1
Bb4 15. O-O Rd7 16. Bf4 Rhd8 17. Ne2 Ne4 18. Ng3 Nd2 19. Bxd2 Rxd2 20. Nxf5
exf5 21. Kh1 Bc5 22. f3 f4 23. Rb1 R8d6 24. Re1 Bf2 25. Rf1 Rg6 0-1

[Event "Hastings Masters 2019/20"]
[Site "Hastings"]
[Date "2020.01.01"]
[Round "5.45"]
[White "White, Stuart A"]
[Black "Butt, Laurence"]
[Result "1-0"]
[WhiteElo "2106"]
[BlackElo "1694"]
[PlyCount "95"]
[EventDate "2019.12.28"]
[EventType "swiss"]
[EventRounds "9"]
[EventCountry "ENG"]

1. c4 f5 2. Nf3 e6 3. g3 c6 4. Bg2 d5 5. O-O Nf6 6. d3 Be7 7. Qc2 O-O 8. Nbd2
Bd7 9. e4 fxe4 10. dxe4 Na6 11. Ne5 Be8 12. exd5 cxd5 13. cxd5 exd5 14. Ndf3
Rc8 15. Qe2 Nb4 16. Nd4 Qb6 17. Be3 Bc5 18. Rfd1 Nc6 19. Nexc6 bxc6 20. Ne6
Bxe3 21. Nxf8 Bxf2+ 22. Qxf2 Kxf8 23. Rac1 Bd7 24. Qc5+ Qxc5+ 25. Rxc5 Ke7 26.
b4 Rb8 27. a3 Kd6 28. Rdc1 h6 29. R1c2 Be8 30. Bf3 Rb7 31. Kf2 g5 32. Ke1 Rb6
33. Ra5 Rb7 34. Ra6 g4 35. Be2 Ke5 36. Rc5 Re7 37. Rca5 Kd4 38. Rxa7 Re3 39.
Rc5 h5 40. Rc2 Rb3 41. Rd2+ Ke5 42. Bd3 Kd6 43. Bc2 Rc3 44. Rf2 Ne4 45. Bxe4
dxe4 46. Rf8 Re3+ 47. Kd2 Rd3+ 48. Ke2 1-0

[Event "Hastings Masters 2019/20"]
[Site "Hastings"]
[Date "2020.01.01"]
[Round "5.46"]
[White "Sugden, John N"]
[Black "Brouwer, Willem"]
[Result "1-0"]
[WhiteElo "2065"]
[BlackElo "1662"]
[PlyCount "71"]
[EventDate "2019.12.28"]
[EventType "swiss"]
[EventRounds "9"]
[EventCountry "ENG"]

1. e4 e5 2. Nf3 Nf6 3. d4 Nxe4 4. Bd3 d5 5. dxe5 Nc6 6. Nbd2 Nc5 7. O-O Nxd3 8.
cxd3 Be7 9. h3 O-O 10. d4 a5 11. Re1 Nb4 12. a3 Nd3 13. Re3 Nxc1 14. Rxc1 a4
15. Qc2 c6 16. Nf1 Bd7 17. Ng3 b6 18. Nf5 Ra5 19. Nxe7+ Qxe7 20. Qd2 Rc8 21.
Rec3 c5 22. dxc5 Raxc5 23. Rxc5 Rxc5 24. Rxc5 Qxc5 25. Nd4 h6 26. g4 b5 27. Kg2
Qc7 28. f4 g6 29. Qc3 Qc4 30. Qxc4 bxc4 31. Kf3 Kf8 32. Ke3 Ke8 33. Ne2 Bc6 34.
Kd4 Kd7 35. f5 g5 36. Nc3 1-0

[Event "Hastings Masters 2019/20"]
[Site "Hastings"]
[Date "2020.01.01"]
[Round "5.47"]
[White "Norinkeviciute, Rasa"]
[Black "Kearsley, Raymond J"]
[Result "1-0"]
[WhiteElo "2018"]
[BlackElo "1624"]
[PlyCount "109"]
[EventDate "2019.12.28"]
[EventType "swiss"]
[EventRounds "9"]
[EventCountry "ENG"]

1. d4 d5 2. Nc3 Nf6 3. Bg5 Bf5 4. f3 c6 5. Qd2 Nbd7 6. Nh3 h6 7. Bh4 Qa5 8. Nf2
e6 9. Nd3 Be7 10. e3 Bh7 11. Be2 Ne4 12. Nxe4 Qxd2+ 13. Nxd2 Bxh4+ 14. g3 Be7
15. c3 O-O 16. f4 Rac8 17. Kf2 c5 18. Rac1 c4 19. Ne5 Nxe5 20. dxe5 Rc6 21. b4
cxb3 22. axb3 Rfc8 23. c4 Bb4 24. Nf3 a6 25. Nd4 R6c7 26. Ra1 Bc3 27. Ra2 Bxd4
28. exd4 Be4 29. Rha1 dxc4 30. bxc4 Rd8 31. Ke3 Bc6 32. g4 Rcd7 33. Rd2 Rc7 34.
Ra5 Kf8 35. f5 Bd7 36. Kf4 Bc8 37. Ra3 Ke7 38. h4 g6 39. f6+ Ke8 40. Rg3 Rcd7
41. Ke4 b6 42. Rb3 Rb7 43. Ke3 Rb8 44. Rdb2 a5 45. Rxb6 Rxb6 46. Rxb6 a4 47.
Bd3 Rd7 48. Rb8 Rd8 49. Ra8 Bd7 50. Rxd8+ Kxd8 51. g5 hxg5 52. hxg5 Kc7 53.
Bxg6 a3 54. Bb1 Be8 55. Kd3 1-0

[Event "Hastings Masters 2019/20"]
[Site "Hastings"]
[Date "2020.01.01"]
[Round "5.48"]
[White "Zheng, Jerry Z"]
[Black "Elwin, Adrian G"]
[Result "0-1"]
[WhiteElo "1565"]
[BlackElo "1986"]
[PlyCount "112"]
[EventDate "2019.12.28"]
[EventType "swiss"]
[EventRounds "9"]
[EventCountry "ENG"]

1. e4 c6 2. d4 d5 3. e5 Bf5 4. h4 Qb6 5. g4 Bd7 6. c3 e6 7. f4 c5 8. Nf3 Nc6 9.
Rh2 cxd4 10. cxd4 Rc8 11. Kf2 Nh6 12. Kg3 Be7 13. Be3 f5 14. g5 Ng4 15. Re2
Nxe3 16. Rxe3 Qxb2 17. Nbd2 Na5 18. Rb1 Qc2 19. Qxc2 Rxc2 20. Nb3 Nxb3 21.
Rexb3 b6 22. R1b2 Rc7 23. Bb5 Bxb5 24. Rxb5 Rc4 25. Kf2 Kd7 26. R5b3 Rhc8 27.
Ke3 Rc3+ 28. Kd2 Rxb3 29. axb3 Bb4+ 30. Kd3 Rc3+ 31. Ke2 a5 32. h5 Bf8 33. g6
hxg6 34. hxg6 Ba3 35. Rb1 Rc1 36. Rxc1 Bxc1 37. Nd2 Kc6 38. Kd1 Bxd2 39. Kxd2
Kb5 40. Kc3 a4 41. bxa4+ Kxa4 42. Kc2 Kb4 43. Kd3 Kb3 44. Ke3 Kc3 45. Kf3 b5
46. Ke3 b4 47. Kf3 b3 48. Ke3 b2 49. Kf3 Kd3 50. Kf2 b1=Q 51. Kf3 Qf1+ 52. Kg3
Ke3 53. Kh2 Qxf4+ 54. Kh3 Qg4+ 55. Kh2 Kf2 56. Kh1 Qh3# 0-1

[Event "Hastings Masters 2019/20"]
[Site "Hastings"]
[Date "2020.01.01"]
[Round "5.49"]
[White "Ratnesan, Radha"]
[Black "Jennings, Richard"]
[Result "0-1"]
[WhiteElo "1477"]
[BlackElo "1903"]
[PlyCount "140"]
[EventDate "2019.12.28"]
[EventType "swiss"]
[EventRounds "9"]
[EventCountry "ENG"]

1. Nf3 c5 2. g3 b6 3. Bg2 Bb7 4. O-O e6 5. b3 Nf6 6. Bb2 Be7 7. c4 O-O 8. e3 d6
9. d4 cxd4 10. exd4 Nbd7 11. Nbd2 d5 12. Ne5 Rc8 13. Rc1 Rc7 14. Ndf3 Qa8 15.
Qe2 dxc4 16. bxc4 Nxe5 17. dxe5 Nd7 18. Ne1 Rfc8 19. Qd3 Nc5 20. Qe2 Rd7 21.
Ba3 Rcd8 22. Nf3 Rd3 23. Bxc5 bxc5 24. Ne1 Rd2 25. Qe3 Bxg2 26. Nxg2 R8d3 27.
Qf4 g5 28. Qg4 Rd4 29. Qh5 Rxa2 30. Rfd1 Qe4 31. Re1 Qf5 32. Re2 Rdd2 33. Rce1
Rxe2 34. Rxe2 Ra1+ 35. Ne1 Bd8 36. Kg2 Rc1 37. g4 Qg6 38. Qxg6+ hxg6 39. Re4
Be7 40. Nd3 Rc3 41. Nb2 Rc2 42. Na4 Kf8 43. Kf1 Ke8 44. h3 Kd7 45. f4 Kc6 46.
Kg1 a6 47. Kh1 Ra2 48. Nc3 Ra3 49. Re3 gxf4 50. Rf3 Bh4 51. Kg2 Be7 52. Rd3 g5
53. Kf3 Rb3 54. Ke2 Rb4 55. Na2 Rb2+ 56. Rd2 Rxd2+ 57. Kxd2 f6 58. Nc3 Bd8 59.
Ke2 a5 60. Kf3 f5 61. Na4 Bc7 62. gxf5 exf5 63. e6 Bd6 64. Nc3 Be7 65. Nd5 Kd6
66. h4 gxh4 67. Nxf4 a4 68. Nd3 Kxe6 69. Nc1 Ke5 70. Ke3 Bg5+ 0-1

[Event "Hastings Masters 2019/20"]
[Site "Hastings"]
[Date "2020.01.01"]
[Round "5.50"]
[White "Kumar, Sanjit S"]
[Black "Garnett, John S"]
[Result "0-1"]
[WhiteElo "1501"]
[BlackElo "1865"]
[PlyCount "94"]
[EventDate "2019.12.28"]
[EventType "swiss"]
[EventRounds "9"]
[EventCountry "ENG"]

1. e4 d5 2. exd5 Nf6 3. d4 Bg4 4. Be2 Bxe2 5. Nxe2 Qxd5 6. O-O Nc6 7. Nbc3 Qh5
8. Bf4 O-O-O 9. Be3 Ng4 10. h3 Nxe3 11. fxe3 e5 12. Ng3 Qg6 13. Nf5 Ne7 14.
Nxe7+ Bxe7 15. Qf3 exd4 16. exd4 Rxd4 17. Qxf7 Qxf7 18. Rxf7 Rd7 19. Raf1 Bf6
20. Rxd7 Kxd7 21. Ne2 Re8 22. Rd1+ Kc8 23. Nd4 Rd8 24. c3 c5 25. Rc1 cxd4 26.
cxd4+ Kb8 27. Kf1 Rxd4 28. Ke2 Ra4 29. b4 Rxb4 30. Kf1 a5 31. Re1 a4 32. Re2
Rb1+ 33. Kf2 Rb2 34. Rxb2 Bxb2 35. Ke3 Kc7 36. Ke4 Kd6 37. g4 Kc5 38. Kf5 b5
39. Ke6 b4 40. Kf5 b3 41. axb3 a3 42. Ke4 a2 43. Kd3 a1=Q 44. Kc2 Kd4 45. b4
Bc3 46. Kb3 Qb2+ 47. Ka4 Qxb4# 0-1

[Event "Hastings Masters 2019/20"]
[Site "Hastings"]
[Date "2020.01.01"]
[Round "5.51"]
[White "Ortiz Sanchez, Luis"]
[Black "Khoo-Thwe, Louis"]
[Result "1/2-1/2"]
[WhiteElo "1947"]
[BlackElo "1690"]
[PlyCount "88"]
[EventDate "2019.12.28"]
[EventType "swiss"]
[EventRounds "9"]
[EventCountry "ENG"]

1. e4 e5 2. Nf3 Nc6 3. Nc3 Nf6 4. d4 exd4 5. Nxd4 Bb4 6. Nxc6 bxc6 7. Bd3 O-O
8. O-O d6 9. h3 Re8 10. Qf3 Bxc3 11. bxc3 h6 12. Bf4 c5 13. e5 dxe5 14. Qxa8
exf4 15. Rfe1 Be6 16. Qxa7 f3 17. Qxc5 fxg2 18. Rad1 Bxh3 19. Rxe8+ Qxe8 20.
Qxc7 g6 21. Bxg6 Kg7 22. Bd3 Nh5 23. Kh2 Bg4 24. Rg1 Bf3 25. Rxg2+ Bxg2 26.
Kxg2 Qa8+ 27. f3 Qxa2 28. Qe5+ Nf6 29. c4 Qa8 30. c5 Qa5 31. Qg3+ Kh8 32. Qf4
Kg7 33. c6 Ne8 34. Bc4 Qg5+ 35. Qg3 Kf8 36. Bd3 Ke7 37. f4 Qd5+ 38. Qf3 Qxf3+
39. Kxf3 Kd6 40. Bb5 f5 41. Kg3 Kc7 42. c4 Kd6 43. Kh4 Ng7 44. Kg3 Ne6 1/2-1/2

[Event "Hastings Masters 2019/20"]
[Site "Hastings"]
[Date "2020.01.01"]
[Round "5.52"]
[White "Faulks, Nick"]
[Black "Sandhu, Manvith"]
[Result "1-0"]
[WhiteElo "1900"]
[BlackElo "1673"]
[PlyCount "111"]
[EventDate "2019.12.28"]
[EventType "swiss"]
[EventRounds "9"]
[EventCountry "ENG"]

1. e4 c5 2. Nf3 e6 3. d4 cxd4 4. Nxd4 a6 5. Bd3 Nf6 6. O-O Qc7 7. Nc3 Be7 8.
Be3 d6 9. f4 O-O 10. g4 Re8 11. g5 Nfd7 12. h4 Nf8 13. Qf3 Nbd7 14. Qf2 Nc5 15.
f5 Bd8 16. f6 g6 17. Rad1 h5 18. Be2 b5 19. b4 Ncd7 20. Ndxb5 axb5 21. Nxb5
Qxc2 22. Nxd6 Rxa2 23. Rd2 Qa4 24. Rxa2 Qxa2 25. Nxe8 Ba6 26. b5 Bb7 27. Nd6
Qa8 28. Rd1 Bxe4 29. Nxe4 Qxe4 30. Bf3 Qa4 31. Qe2 Bb6 32. Bxb6 Nxb6 33. Rd8
Qxh4 34. Qd2 Qg3+ 35. Bg2 Nbd7 36. Ra8 Qe5 37. Bc6 Qg3+ 38. Kf1 Qh3+ 39. Ke1
Qg3+ 40. Kd1 Qg1+ 41. Kc2 Qc5+ 42. Kb1 Nb6 43. Rd8 Nc4 44. Qc3 Qg1+ 45. Ka2
Qh2+ 46. Kb3 Nb6 47. Rxf8+ Kxf8 48. Qc5+ Kg8 49. Qxb6 Qg3+ 50. Ka4 Qc3 51. Qd8+
Kh7 52. Qe7 Qa1+ 53. Kb4 Qb2+ 54. Ka5 Qa1+ 55. Kb6 Qd4+ 56. Kb7 1-0

[Event "Hastings Masters 2019/20"]
[Site "Hastings"]
[Date "2020.01.01"]
[Round "5.53"]
[White "Dewangan, Aayush"]
[Black "Gisbert Mir, Alejandro"]
[Result "1-0"]
[WhiteElo "1548"]
[BlackElo "1835"]
[PlyCount "49"]
[EventDate "2019.12.28"]
[EventType "swiss"]
[EventRounds "9"]
[EventCountry "ENG"]

1. e4 c6 2. d4 d5 3. exd5 cxd5 4. Bd3 Nc6 5. c3 Nf6 6. Bf4 e6 7. Nf3 Bd6 8. Bg3
Qc7 9. Na3 a6 10. Qa4 Bxg3 11. hxg3 Bd7 12. Qc2 g6 13. Qd2 O-O-O 14. Qg5 Ne4
15. Qe3 e5 16. Bxe4 dxe4 17. Nxe5 Nxe5 18. dxe5 Qxe5 19. O-O f5 20. Rfd1 Be6
21. Rd4 Rd7 22. Rad1 Rhd8 23. Rxd7 Rxd7 24. Rxd7 Kxd7 25. Qh6 1-0

[Event "Hastings Masters 2019/20"]
[Site "Hastings"]
[Date "2020.01.01"]
[Round "5.54"]
[White "Kumar, Soham"]
[Black "Bryant, Marc A"]
[Result "1-0"]
[WhiteElo "1512"]
[BlackElo "1823"]
[PlyCount "119"]
[EventDate "2019.12.28"]
[EventType "swiss"]
[EventRounds "9"]
[EventCountry "ENG"]

1. e4 e5 2. Nf3 Nc6 3. Bb5 f5 4. Nc3 fxe4 5. Nxe4 d5 6. Ng3 Bg4 7. h3 Bxf3 8.
Qxf3 Nf6 9. O-O Bc5 10. Qc3 Qe7 11. Nf5 Ne4 12. Nxe7 Nxc3 13. Nxc6 Nxb5 14.
Nxe5 Nd4 15. c3 Ne2+ 16. Kh1 Rf8 17. Re1 Nxc1 18. Nd3+ Kd7 19. Nxc5+ Kc6 20. d4
b6 21. Raxc1 bxc5 22. f3 Rfe8 23. dxc5 Kxc5 24. Kg1 Rab8 25. b3 a5 26. Kf2 a4
27. b4+ Kc4 28. Red1 c5 29. h4 Rb6 30. g4 Rh6 31. Kg3 Rhe6 32. bxc5 Re2 33.
Rd4+ Kb5 34. Rb4+ Kxc5 35. Rxa4 h6 36. Ra7 g5 37. hxg5 hxg5 38. Rg7 R8e5 39.
Ra1 Rc2 40. a4 Rxc3 41. a5 Kb5 42. a6 Ree3 43. Rf7 Ra3 44. Rxa3 Rxa3 45. Rf5
Kc4 46. Rxg5 d4 47. Kf2 Kd3 48. f4 Ra2+ 49. Kf3 Rxa6 50. Rc5 Ra3 51. f5 Kd2+
52. Kf2 Re3 53. f6 Re2+ 54. Kf1 Re4 55. Rf5 Re1+ 56. Kg2 Re8 57. f7 Rf8 58. g5
Ke3 59. g6 Ke4 60. g7 1-0

[Event "Hastings Masters 2019/20"]
[Site "Hastings"]
[Date "2020.01.01"]
[Round "5.55"]
[White "Drastik, Penelope"]
[Black "Cresswell, Mike J"]
[Result "1-0"]
[WhiteElo "1821"]
[BlackElo "1662"]
[PlyCount "67"]
[EventDate "2019.12.28"]
[EventType "swiss"]
[EventRounds "9"]
[EventCountry "ENG"]

1. d4 Nf6 2. c4 c5 3. d5 b5 4. cxb5 a6 5. b6 Qxb6 6. Nc3 g6 7. Nf3 d6 8. Nd2
Bg7 9. e4 O-O 10. Nc4 Qc7 11. a4 Nfd7 12. a5 Bb7 13. Be2 Re8 14. O-O Nf8 15.
Nb6 Ra7 16. Bf4 Nbd7 17. Nca4 Qd8 18. Qd2 Nxb6 19. Nxb6 Nd7 20. Nc4 Qc7 21. Bh6
Rb8 22. Bxg7 Kxg7 23. f4 Ba8 24. f5 Nf6 25. Qf4 Rb4 26. g4 Qd8 27. Ra3 Nxd5 28.
exd5 Bxd5 29. Rh3 Qh8 30. Qh6+ Kg8 31. fxg6 Qd4+ 32. Ne3 hxg6 33. Rd1 Qf6 34.
Nxd5 1-0

[Event "Hastings Masters 2019/20"]
[Site "Hastings"]
[Date "2020.01.01"]
[Round "5.56"]
[White "Zheng, Harry Z"]
[Black "Varney, Zoe"]
[Result "0-1"]
[WhiteElo "1705"]
[BlackElo "2004"]
[PlyCount "66"]
[EventDate "2019.12.28"]
[EventType "swiss"]
[EventRounds "9"]
[EventCountry "ENG"]

1. e4 e5 2. Nf3 Nc6 3. Bc4 Bc5 4. c3 Nf6 5. d3 d6 6. O-O Bg4 7. Nbd2 a6 8. h3
Bh5 9. Bb3 O-O 10. Re1 Ba7 11. Nf1 Re8 12. Ng3 Bg6 13. Bc2 d5 14. exd5 Nxd5 15.
Ba4 b5 16. Bc2 h6 17. a4 Qd7 18. Bd2 Nf6 19. Ne4 Nxe4 20. dxe4 Rad8 21. Qe2 Bh5
22. Red1 Qe6 23. axb5 axb5 24. Bd3 Bxf3 25. Qxf3 Qb3 26. Rdb1 b4 27. Bb5 Re6
28. Bxc6 Rf6 29. Qe2 Rxf2 30. Qa6 Rdxd2 31. Qxa7 Rxg2+ 32. Kf1 Qc4+ 33. Ke1
Qe2# 0-1

[Event "Hastings Masters 2019/20"]
[Site "Hastings"]
[Date "2020.01.02"]
[Round "6.1"]
[White "Panchanathan, Magesh Chandran"]
[Black "Van Den Doel, Erik"]
[Result "1-0"]
[WhiteElo "2479"]
[BlackElo "2589"]
[PlyCount "115"]
[EventDate "2019.12.28"]
[EventType "swiss"]
[EventRounds "9"]
[EventCountry "ENG"]

1. e4 e5 2. Nf3 Nc6 3. Bb5 a6 4. Ba4 Nf6 5. Qe2 b5 6. Bb3 Be7 7. c3 d6 8. O-O
O-O 9. Rd1 Na5 10. Bc2 c5 11. d4 Qc7 12. d5 Bd7 13. b3 g6 14. Nbd2 Nh5 15. Nf1
Bf6 16. g3 Bg7 17. Ne1 Qc8 18. Ne3 Qe8 19. Qf3 Bh6 20. N1g2 Ng7 21. g4 Qd8 22.
Bd2 Bg5 23. Kf1 Nb7 24. Ke2 c4 25. b4 a5 26. a3 h5 27. gxh5 Nxh5 28. Rg1 Qf6
29. Nf5 axb4 30. Bxg5 Qxg5 31. h4 Qf6 32. axb4 Kh8 33. Ng3 Qxf3+ 34. Kxf3 Nf6
35. Ne3 Kh7 36. Ke2 Kh6 37. Kd2 Rfb8 38. Rh1 Nd8 39. Rag1 Ra2 40. h5 Nxh5 41.
Nef5+ Bxf5 42. exf5 Nb7 43. fxg6 fxg6 44. Nxh5 Rxc2+ 45. Kxc2 gxh5 46. Rg2 Rf8
47. Rhg1 Rf6 48. Rg8 Rxf2+ 49. Kd1 Rf7 50. Rh8+ Rh7 51. Rgg8 h4 52. Ke2 h3 53.
Kf2 e4 54. Rxh7+ Kxh7 55. Rb8 e3+ 56. Kg3 Kg6 57. Rxb7 Kf6 58. Rh7 1-0

[Event "Hastings Masters 2019/20"]
[Site "Hastings"]
[Date "2020.01.02"]
[Round "6.2"]
[White "Edouard, Romain"]
[Black "Kantor, Gergely"]
[Result "1/2-1/2"]
[WhiteElo "2653"]
[BlackElo "2541"]
[PlyCount "68"]
[EventDate "2019.12.28"]
[EventType "swiss"]
[EventRounds "9"]
[EventCountry "ENG"]

1. c4 e5 2. Nc3 Nf6 3. Nf3 Nc6 4. d3 d5 5. cxd5 Nxd5 6. e4 Nb6 7. h3 Be7 8. Be2
O-O 9. O-O f5 10. a4 a5 11. Nb5 Kh8 12. Be3 f4 13. Bd2 Bf6 14. d4 g5 15. d5 Ne7
16. Bc3 Ng6 17. b4 g4 18. hxg4 Bxg4 19. bxa5 Nc8 20. Nxe5 Bxe5 21. Bxg4 Bxc3
22. Nxc3 Ne5 23. f3 Rg8 24. Ne2 Qg5 25. Qc1 h5 26. Bh3 Ng6 27. Qxc7 Rg7 28. Qc5
Nce7 29. Nd4 Nf8 30. Qc3 Qh4 31. Kh2 Rxg2+ 32. Kxg2 Qg3+ 33. Kh1 Qxh3+ 34. Kg1
Qg3+ 1/2-1/2